[Event "EUYCC 2022 - U10"]
[Site "?"]
[Date "2022.08.26"]
[Round "5.4"]
[White "Kusova, Nikola"]
[Black "Zrust, Lukas"]
[Result "1-0"]
[WhiteElo "1224"]
[BlackElo "1344"]
[PlyCount "121"]
[EventDate "2022.??.??"]

1. e4 g6 2. d4 Bg7 3. c3 c5 4. dxc5 Qa5 5. Be3 Nc6 6. Nd2 Nf6 7. Ngf3 Ng4 8.
Qe2 Nxe3 9. Qxe3 O-O 10. Nd4 Qxc5 11. Nf5 Qxe3+ 12. Nxe3 d6 13. h4 h5 14. Be2
Be6 15. f4 Bh6 16. Nd5 Bxd5 17. exd5 Nd8 18. g3 e6 19. c4 exd5 20. cxd5 f5 21.
Rc1 Rf7 22. Kf2 Re7 23. Rc3 Bg7 24. Rc2 Bd4+ 25. Kf1 Bb6 26. Nf3 Nf7 27. Kg2
Rae8 28. Bb5 Rf8 29. Rhc1 Bc5 30. a3 a5 31. Ne1 Be3 32. Rd1 Bc5 33. Nd3 b6 34.
b4 axb4 35. axb4 Bd4 36. Rdd2 Bg7 37. Re2 Rxe2+ 38. Rxe2 Rc8 39. Bc6 Kf8 40.
Re6 Nh8 41. Rxd6 Ke7 42. Re6+ Kf7 43. Ne5+ Bxe5 44. fxe5 Rd8 45. Rf6+ Kg7 46.
d6 Nf7 47. Re6 Kh6 48. d7 Rb8 49. Re8 Rd8 50. e6 Ne5 51. Rxd8 Nxc6 52. Rh8+ Kg7
53. d8=Q Nxd8 54. Rxd8 Kf6 55. Rd6 b5 56. e7+ Kxe7 57. Rxg6 f4 58. gxf4 Kf7 59.
Rh6 Kg7 60. Rxh5 Kg6 61. Rxb5 1-0

[Event "EUYCC 2022 - U10"]
[Site "?"]
[Date "2022.08.26"]
[Round "5.5"]
[White "Janouskova, Eliska"]
[Black "Hladky, Mikulas"]
[Result "1-0"]
[WhiteElo "1330"]
[BlackElo "1576"]
[PlyCount "42"]
[EventDate "2022.??.??"]

1. e4 e5 2. Nf3 Nc6 3. Nc3 Nf6 4. Bb5 Bb4 5. O-O O-O 6. d3 Bxc3 7. bxc3 d6 8.
Re1 Bg4 9. a4 Qe7 10. Ba3 Nd8 11. h3 Bh5 12. Qe2 Ne6 13. Qe3 c6 14. Bc4 Nd7 15.
Rad1 Nb6 16. Bb3 Kh8 17. d4 exd4 18. cxd4 Bxf3 19. Qxf3 Qc7 20. e5 Nc8 21. Bxe6
fxe6 1-0

[Event "EUYCC 2022 - U10"]
[Site "?"]
[Date "2022.08.26"]
[Round "5.6"]
[White "Tatar, Marius Lucian"]
[Black "Novotny, Adam"]
[Result "1-0"]
[WhiteElo "1434"]
[BlackElo "1113"]
[PlyCount "61"]
[EventDate "2022.??.??"]

1. e4 e5 2. Nf3 Nc6 3. Bc4 Bc5 4. c3 Qe7 5. O-O d6 6. d4 Bb6 7. d5 Nd8 8. a4 a5
9. Bb5+ c6 10. Bc4 Nf6 11. Bg5 Bg4 12. Nbd2 O-O 13. h3 Bh5 14. Qb3 Bc5 15. Rfe1
Re8 16. Nh4 Bg6 17. Nxg6 hxg6 18. Rad1 Rc8 19. Nf3 Rc7 20. Nh4 Kh7 21. Qc2 Qd7
22. dxc6 Nxc6 23. Qe2 Ne7 24. Bxf6 gxf6 25. Bxf7 Rf8 26. Bxg6+ Nxg6 27. Qh5+
Kg8 28. Nxg6 Qh7 29. Qxh7+ Kxh7 30. Nxf8+ Kg8 31. Ne6 1-0

[Event "EUYCC 2022 - U10"]
[Site "?"]
[Date "2022.08.26"]
[Round "5.7"]
[White "Galia, Simon"]
[Black "Broz, Pavel"]
[Result "1-0"]
[WhiteElo "1077"]
[BlackElo "1066"]
[PlyCount "49"]
[EventDate "2022.??.??"]

1. e4 e5 2. Nf3 Nc6 3. Bc4 Nf6 4. Nc3 Bb4 5. d3 Bxc3+ 6. bxc3 d5 7. exd5 Nxd5
8. Ba3 Nxc3 9. Qd2 Nd5 10. O-O Nde7 11. Rfe1 O-O 12. Nxe5 Nxe5 13. Rxe5 Re8 14.
Rae1 Kf8 15. Qe3 Bd7 16. Rxe7 Qxe7 17. Bxe7+ Kg8 18. Qf3 Bc6 19. Qxf7+ Kh8 20.
Rf1 a5 21. Bf6 Rg8 22. Qxc7 Rac8 23. Qg3 Bxg2 24. Bxg8 gxf6 25. Kxg2 1-0

[Event "EUYCC 2022 - U10"]
[Site "?"]
[Date "2022.08.26"]
[Round "5.9"]
[White "Frydel, Helena"]
[Black "Stricova, Julia Nela"]
[Result "1-0"]
[WhiteElo "1103"]
[BlackElo "1040"]
[PlyCount "123"]
[EventDate "2022.??.??"]

1. e4 e5 2. Nf3 Nc6 3. Nc3 Nf6 4. d4 d6 5. dxe5 dxe5 6. Qxd8+ Kxd8 7. Bg5 Be7
8. O-O-O+ Bd7 9. Bb5 Ke8 10. Bxc6 Bxc6 11. Nxe5 Nxe4 12. Nxe4 Bxe4 13. Bxe7
Kxe7 14. f3 Ke6 15. Rhe1 Kxe5 16. Rxe4+ Kf6 17. Rd7 Rac8 18. Ree7 Rhf8 19. Rxc7
Rxc7 20. Rxc7 Rb8 21. Kd2 Ke6 22. Ke3 a6 23. Ke4 b6 24. Rc6+ Kd7 25. Kd5 Rb7
26. Rc4 Rc7 27. Rxc7+ Kxc7 28. b4 b5 29. Kc5 f6 30. c4 bxc4 31. Kxc4 Kc6 32. a4
h6 33. b5+ axb5+ 34. axb5+ Kb6 35. Kd5 Kxb5 36. Ke6 Kc4 37. Kf7 Kd3 38. Kxg7
Ke2 39. Kxh6 Kf2 40. f4 Kxg2 41. Kg6 Kxh2 42. Kxf6 Kg3 43. Kg5 Kf3 44. f5 Ke4
45. f6 Ke5 46. f7 Ke6 47. f8=Q Kd5 48. Qe7 Kd4 49. Qe6 Kd3 50. Qe5 Kc4 51. Qd6
Kc3 52. Qd5 Kb4 53. Qc6 Kb3 54. Qc5 Kb2 55. Qc4 Kb1 56. Qc3 Ka2 57. Qb4 Ka1 58.
Kf4 Ka2 59. Ke3 Ka1 60. Kd2 Ka2 61. Kc2 Ka1 62. Qb2# 1-0

[Event "EUYCC 2022 - U12"]
[Site "?"]
[Date "2022.08.26"]
[Round "5.7"]
[White "Barteckova, Valerie"]
[Black "Kupka, Alexandr"]
[Result "1-0"]
[WhiteElo "1403"]
[BlackElo "1189"]
[PlyCount "165"]
[EventDate "2022.??.??"]

1. d4 d5 2. Nf3 Nf6 3. Bf4 Bf5 4. e3 e6 5. Bd3 Be4 6. O-O Bd6 7. Bg3 O-O 8. Qe2
Nc6 9. c3 Bxd3 10. Qxd3 Ne4 11. Nbd2 Nxg3 12. hxg3 Qf6 13. e4 Qg6 14. Nh4 Qg4
15. exd5 exd5 16. Qb5 Qh5 17. Qxb7 Ne7 18. Qb3 Ng6 19. Ndf3 Rab8 20. Qc2 Nxh4
21. Nxh4 f5 22. f4 g5 23. Nxf5 gxf4 24. g4 Qg6 25. Rf2 Rb6 26. Re1 h5 27. Ne7+
Bxe7 28. Qxg6+ Rxg6 29. Rxe7 hxg4 30. Kf1 g3 31. Rf3 Rb6 32. b3 Rc6 33. Re5 Rd6
34. Rg5+ Kh7 35. Rgxg3 fxg3 36. Rxf8 Rc6 37. Rf3 Ra6 38. Rxg3 Rxa2 39. Re3 Kg6
40. Re5 Ra5 41. Re6+ Kf5 42. Rc6 Ke4 43. Kg1 Rb5 44. b4 Rb7 45. Kh2 Kf5 46. g3
Kg5 47. Rc5 c6 48. Rxc6 Rh7+ 49. Kg2 Kf5 50. Kf3 Rg7 51. Rc5 Ke6 52. g4 Rf7+
53. Kg3 Kd6 54. Kh4 Rf3 55. g5 Rf1 56. Kh5 Rh1+ 57. Kg6 Rg1 58. b5 Rg2 59. Rc6+
Kd7 60. Ra6 Kc7 61. Rxa7+ Kb6 62. Rd7 Kxb5 63. Rxd5+ Kc4 64. Rc5+ Kd3 65. Kg7
Ke4 66. g6 Rg1 67. Rc6 Kd5 68. Rf6 Ra1 69. Kg8 Ra8+ 70. Rf8 Ra1 71. g7 Rg1 72.
Rf7 Ke6 73. Kf8 Rc1 74. g8=Q Rxc3 75. Rf3+ Kd7 76. Rxc3 Kd6 77. Qg6+ Kd5 78.
Rc5+ Kxd4 79. Qd6+ Ke4 80. Re5+ Kf4 81. Qf6+ Kg4 82. Rg5+ Kh4 83. Qh6# 1-0

[Event "EUYCC 2022 - U14"]
[Site "?"]
[Date "2022.08.26"]
[Round "5.1"]
[White "Brozynski, Patryk"]
[Black "Peglau, Charis"]
[Result "0-1"]
[WhiteElo "1911"]
[BlackElo "1837"]
[PlyCount "154"]
[EventDate "2022.??.??"]

1. e4 c6 2. Nf3 d5 3. d3 Bg4 4. h3 Bh5 5. exd5 cxd5 6. g4 Bg6 7. h4 f6 8. h5
Bf7 9. d4 Nc6 10. Bb5 Qc7 11. Qe2 O-O-O 12. Nc3 e6 13. Bd2 Bd6 14. Ba4 a6 15.
O-O-O Nge7 16. h6 g5 17. Rhe1 Ng6 18. Kb1 Nf4 19. Qf1 Kb8 20. Ne2 Nxe2 21. Qxe2
Rhg8 22. Bb3 Bf8 23. a3 Rg6 24. Rh1 Bg8 25. Rhe1 Rxh6 26. c4 Rh3 27. cxd5 exd5
28. Rc1 Qb6 29. Qe3 h5 30. Rh1 Rxh1 31. Rxh1 hxg4 32. Ne1 Qxd4 33. Nc2 Qxe3 34.
Bxe3 Bd6 35. Rd1 Be5 36. Ne1 Bh7+ 37. Ka2 d4 38. Bd2 Be4 39. Be6 g3 40. f3 g2
41. Nxg2 Bxf3 42. Rg1 Bh2 43. Rh1 Rh8 44. Be1 Rh5 45. Rxh2 Rxh2 46. Bg3+ Ne5
47. Ne1 Rg2 48. Nxg2 Bxg2 49. Kb3 Kc7 50. Kc2 Be4+ 51. Kd2 Kd6 52. Bc8 f5 53.
Ke2 f4 54. Be1 Nc4 55. b3 d3+ 56. Kd1 Ne3+ 57. Kc1 g4 58. Bb4+ Kc7 59. Be6 g3
60. Be1 Kd6 61. Bh3 Ke5 62. Bc3+ Kd5 63. Be1 Bf5 64. Bxf5 Nxf5 65. Kd2 Ke4 66.
a4 Nd4 67. Kd1 Nxb3 68. a5 d2 69. Bxd2 Nxd2 70. Kxd2 g2 71. Kc3 g1=Q 72. Kb4
Qd4+ 73. Kb3 f3 74. Kc2 f2 75. Kb3 f1=Q 76. Ka3 Qfd3+ 77. Ka2 Qf2+ 0-1

[Event "EUYCC 2022 - U14"]
[Site "?"]
[Date "2022.08.26"]
[Round "5.2"]
[White "Sabarez, Iulian"]
[Black "Fizer, Marek"]
[Result "1/2-1/2"]
[WhiteElo "1702"]
[BlackElo "1998"]
[PlyCount "59"]
[EventDate "2022.??.??"]

1. e4 c5 2. Nf3 Nc6 3. d4 cxd4 4. Nxd4 Nf6 5. Nc3 e5 6. Ndb5 d6 7. Bg5 a6 8.
Na3 b5 9. Nd5 Be7 10. Bxf6 Bxf6 11. c4 b4 12. Nc2 a5 13. Qf3 Bg5 14. Bd3 Be6
15. O-O O-O 16. b3 g6 17. Qe2 Bxd5 18. cxd5 Nb8 19. a3 bxa3 20. Nxa3 Nd7 21.
Nc4 Nc5 22. Bc2 Qc7 23. Ra3 Rfb8 24. Rfa1 a4 25. Nb2 Rb4 26. Nxa4 Rd4 27. Rd1
Qa5 28. Raa1 Qb4 29. Rxd4 exd4 30. Rb1 1/2-1/2

[Event "EUYCC 2022 - U14"]
[Site "?"]
[Date "2022.08.26"]
[Round "5.3"]
[White "Mickunaite, Agne"]
[Black "Paralieu, Maxime"]
[Result "0-1"]
[WhiteElo "1527"]
[BlackElo "1898"]
[PlyCount "86"]
[EventDate "2022.??.??"]

1. c4 Nf6 2. g3 e6 3. Bg2 Be7 4. Nf3 b6 5. d4 Ba6 6. b3 d5 7. cxd5 exd5 8. O-O
O-O 9. Nc3 Nbd7 10. Re1 Bb4 11. Bd2 Re8 12. a3 Bxc3 13. Bxc3 Ne4 14. Bb2 Bb7
15. b4 Nd6 16. Nd2 Nf6 17. e3 Ba6 18. a4 c6 19. Rc1 Rc8 20. Bf1 Bxf1 21. Rxf1
Qd7 22. Ba3 Nfe4 23. Nxe4 Nxe4 24. Qe2 Re6 25. Qg4 Nd2 26. Rfd1 Nc4 27. Rc3 Qe7
28. Rb1 a5 29. Bc1 axb4 30. Rcb3 c5 31. dxc5 bxc5 32. Bb2 Nxb2 33. R3xb2 Ra8
34. Qf3 Rd6 35. Rd2 Qb7 36. Qd1 c4 37. e4 Rad8 38. exd5 c3 39. Rd4 Rxd5 40.
Rxd5 Rxd5 41. Qb3 g6 42. Qxb4 Qxb4 43. Rxb4 c2 0-1

[Event "EUYCC 2022 - U14"]
[Site "?"]
[Date "2022.08.26"]
[Round "5.4"]
[White "Gollner, Martin"]
[Black "Buchta, Bartolomej"]
[Result "0-1"]
[WhiteElo "1771"]
[BlackElo "1701"]
[PlyCount "58"]
[EventDate "2022.??.??"]

1. e4 c5 2. Nc3 e6 3. Nge2 a6 4. g3 g6 5. Bg2 Bg7 6. O-O Ne7 7. b3 O-O 8. Bb2
Nbc6 9. Na4 Bxb2 10. Nxb2 b5 11. d4 cxd4 12. Nxd4 Bb7 13. a4 Nxd4 14. Qxd4 d5
15. Rfd1 Rc8 16. axb5 axb5 17. Ra7 Nc6 18. Qc5 Nxa7 19. Qxa7 Ba8 20. Rd2 Qf6
21. Nd1 dxe4 22. Ne3 Rfd8 23. Re2 Qc3 24. Ng4 Rd1+ 25. Bf1 Qf3 26. Nh6+ Kg7 27.
Re3 Rxf1+ 28. Kxf1 Qh1+ 29. Ke2 Rxc2# 0-1

[Event "EUYCC 2022 - U14"]
[Site "?"]
[Date "2022.08.26"]
[Round "5.5"]
[White "Novomeska, Karin"]
[Black "Abitbol, Ethan"]
[Result "1-0"]
[WhiteElo "1765"]
[BlackElo "1490"]
[PlyCount "75"]
[EventDate "2022.??.??"]

1. c4 c5 2. g3 Nf6 3. Nf3 d6 4. Bg2 Nc6 5. Nc3 Bf5 6. a3 e6 7. d4 Be7 8. O-O
O-O 9. Re1 Rc8 10. e4 Bg4 11. d5 Ne5 12. b3 Qb6 13. Rb1 a6 14. h3 Nxf3+ 15.
Bxf3 Bxf3 16. Qxf3 e5 17. Qd1 Qc7 18. Rb2 Qd7 19. Kg2 Rb8 20. a4 Bd8 21. f4 Ba5
22. Rc2 exf4 23. Bxf4 Bc7 24. g4 h6 25. Rce2 Rfe8 26. e5 dxe5 27. Bxe5 Rxe5 28.
Rxe5 Bxe5 29. Rxe5 Re8 30. Qe2 Rxe5 31. Qxe5 Qe8 32. Qxe8+ Nxe8 33. a5 Kf8 34.
Ne4 Ke7 35. Nxc5 Nd6 36. Kf3 Kd8 37. Kf4 Ke7 38. h4 1-0

[Event "EUYCC 2022 - U14"]
[Site "?"]
[Date "2022.08.26"]
[Round "5.6"]
[White "Page, Noah"]
[Black "Desarmaux-Do, Yanis-Huy"]
[Result "0-1"]
[WhiteElo "1992"]
[BlackElo "1935"]
[PlyCount "58"]
[EventDate "2022.??.??"]

1. e4 c5 2. c3 d5 3. exd5 Qxd5 4. d4 Nc6 5. Nf3 Bf5 6. Be3 Nf6 7. Na3 cxd4 8.
Nxd4 Nxd4 9. Qxd4 Qxd4 10. Bxd4 e5 11. Bxe5 Bxa3 12. bxa3 O-O-O 13. Bd4 Rhe8+
14. Kd1 Ne4 15. Kc1 Re6 16. g3 Rc6 17. Kb2 Nxf2 18. Rg1 Kb8 19. Bb5 Re6 20.
Rgf1 Nd3+ 21. Bxd3 Bxd3 22. Rxf7 Re2+ 23. Kb3 Rc8 24. Rxg7 Bc4+ 25. Ka4 Rb2 26.
Rg5 Rc6 27. Bxa7+ Kxa7 28. Ra5+ Ra6 29. Rxa6+ Kxa6 0-1

[Event "EUYCC 2022 - U14"]
[Site "?"]
[Date "2022.08.26"]
[Round "5.7"]
[White "Mueller, Maximilian"]
[Black "Arshinkova, Boryana"]
[Result "1-0"]
[WhiteElo "1873"]
[BlackElo "1483"]
[PlyCount "41"]
[EventDate "2022.??.??"]

1. e4 c5 2. Nf3 Nc6 3. Bb5 g6 4. O-O Bg7 5. Re1 d6 6. c3 Qb6 7. Bxc6+ bxc6 8.
d3 d5 9. Nbd2 a5 10. Qc2 e6 11. Nf1 Ne7 12. e5 O-O 13. Ng3 Ba6 14. Bg5 Nc8 15.
Qd2 Qb5 16. Red1 Nb6 17. Bf6 Nd7 18. Nh5 Nxf6 19. exf6 Bxf6 20. Nxf6+ Kg7 21.
Ng4 1-0

[Event "EUYCC 2022 - U14"]
[Site "?"]
[Date "2022.08.26"]
[Round "5.8"]
[White "Orfila, Kristofer"]
[Black "Sizov, Lev"]
[Result "1-0"]
[WhiteElo "1723"]
[BlackElo "1212"]
[PlyCount "105"]
[EventDate "2022.??.??"]

1. d4 Nf6 2. c4 g6 3. Nc3 d5 4. cxd5 Nxd5 5. e4 Nxc3 6. bxc3 c5 7. Bc4 Bg7 8.
Ne2 O-O 9. Be3 Nc6 10. Rc1 Qc7 11. Qd2 Rd8 12. h4 Qa5 13. Rd1 cxd4 14. cxd4
Qxd2+ 15. Rxd2 h5 16. f3 a6 17. Kf2 Na5 18. Bd3 Bd7 19. Rc2 Rac8 20. Rhc1 Rxc2
21. Rxc2 Rc8 22. Rxc8+ Bxc8 23. d5 b5 24. Bb6 Nb7 25. Nd4 Bxd4+ 26. Bxd4 e6 27.
a4 Nd6 28. e5 Nc4 29. d6 Bd7 30. Ke2 Kf8 31. Kd1 Ke8 32. Kc2 Na5 33. axb5 axb5
34. Kc3 Nc4 35. g4 hxg4 36. Bxc4 bxc4 37. fxg4 Bc6 38. h5 gxh5 39. gxh5 Bf3 40.
h6 Be4 41. Kxc4 Kd7 42. Kc5 Bg6 43. Be3 Bh7 44. Bg5 Bc2 45. Be7 Bf5 46. Kd4 Kc6
47. Ke3 Bg6 48. Kf4 Kd7 49. Kg5 Bd3 50. Kf6 Bc4 51. h7 Bd5 52. h8=Q Bc6 53.
Qd8# 1-0

[Event "EUYCC 2022 - U14"]
[Site "?"]
[Date "2022.08.26"]
[Round "5.9"]
[White "Balazs, Sztella Anna"]
[Black "Paralieu, Emma"]
[Result "0-1"]
[WhiteElo "1663"]
[BlackElo "1596"]
[PlyCount "46"]
[EventDate "2022.??.??"]

1. e4 e5 2. Nf3 Nc6 3. Bc4 Nf6 4. d3 Be7 5. c3 d6 6. Bb3 h6 7. h3 Be6 8. Bc2 d5
9. exd5 Bxd5 10. O-O Qd7 11. Re1 O-O-O 12. Nxe5 Nxe5 13. Rxe5 Bd6 14. Re1 g5
15. b4 Bc6 16. a4 g4 17. h4 Rhg8 18. b5 Bf3 19. Qd2 g3 20. Rf1 Bxg2 21. f4 Bxf1
22. Kxf1 g2+ 23. Kg1 Qh3 0-1

[Event "EUYCC 2022 - U14"]
[Site "?"]
[Date "2022.08.26"]
[Round "5.10"]
[White "Lazniewska, Zofia"]
[Black "Barteckova, Denisa"]
[Result "1-0"]
[WhiteElo "1545"]
[BlackElo "1455"]
[PlyCount "77"]
[EventDate "2022.??.??"]

1. e4 e6 2. d4 d5 3. Nd2 c5 4. exd5 Qxd5 5. Ngf3 cxd4 6. Bc4 Qd8 7. Nb3 Nc6 8.
O-O a6 9. Nbxd4 Nxd4 10. Nxd4 Bc5 11. Be3 b5 12. Be2 Ne7 13. Nxe6 Qxd1 14.
Raxd1 Bxe6 15. Bxc5 Rc8 16. Bxe7 Kxe7 17. Bd3 Rc5 18. a3 Rd8 19. Rfe1 a5 20. f3
f5 21. Rd2 b4 22. Rde2 Rd6 23. Re5 Rxe5 24. Rxe5 bxa3 25. bxa3 a4 26. Bxf5 Kf6
27. Rxe6+ Rxe6 28. Bxe6 Kxe6 29. Kf2 Kd5 30. Ke3 Kc4 31. Kd2 h6 32. f4 h5 33.
g3 g6 34. h3 Kd4 35. c3+ Ke4 36. Ke2 h4 37. gxh4 Kxf4 38. Kd3 Ke5 39. c4 1-0

[Event "EUYCC 2022 - U14"]
[Site "?"]
[Date "2022.08.26"]
[Round "5.11"]
[White "Krasilnikova, Marija"]
[Black "Janouskova, Adela"]
[Result "1/2-1/2"]
[WhiteElo "1271"]
[BlackElo "1561"]
[PlyCount "65"]
[EventDate "2022.??.??"]

1. e4 c5 2. Nf3 Nc6 3. Bb5 g6 4. O-O Bg7 5. c3 Nf6 6. Re1 O-O 7. d4 cxd4 8.
cxd4 d5 9. e5 Ne8 10. Bf4 Nc7 11. Bxc6 bxc6 12. Qc1 Bd7 13. Nbd2 Ne6 14. Be3
Qb6 15. a3 a5 16. Rb1 a4 17. b4 axb3 18. Nxb3 Qa7 19. Bd2 Qxa3 20. Qxa3 Rxa3
21. Bb4 Ra2 22. Bxe7 Rfa8 23. Ra1 Rxa1 24. Rxa1 Rxa1+ 25. Nxa1 Bf8 26. Bxf8
Kxf8 27. Nb3 Bc8 28. Ne1 Ba6 29. Nc2 Ke7 30. g3 g5 31. f3 f6 32. exf6+ Kxf6 33.
Kf2 1/2-1/2

[Event "EUYCC 2022 - U14"]
[Site "?"]
[Date "2022.08.26"]
[Round "5.12"]
[White "Dorazilova, Kristyna"]
[Black "Skutil, Frantisek Elias"]
[Result "1-0"]
[WhiteElo "1400"]
[BlackElo "1514"]
[PlyCount "51"]
[EventDate "2022.??.??"]

1. e4 c5 2. Nc3 d6 3. Bb5+ Bd7 4. Bxd7+ Qxd7 5. f4 Nc6 6. Nf3 g6 7. O-O Bg7 8.
d3 Nf6 9. Qe1 O-O 10. a3 a6 11. h3 h5 12. Nh4 Nd4 13. Qd1 b5 14. Ne2 Nxe2+ 15.
Qxe2 Rac8 16. f5 Kh7 17. Qf2 Ne8 18. Qg3 gxf5 19. Nxf5 Rg8 20. Qf4 Bf8 21. Nh6
Rg7 22. Nxf7 Rg8 23. Ng5+ Kh8 24. Qh4 Ng7 25. Rf7 Qe8 26. Qxh5+ 1-0

[Event "EUYCC 2022 - U14"]
[Site "?"]
[Date "2022.08.26"]
[Round "5.13"]
[White "Sigut, Ondrej"]
[Black "Grunert, Heinrich"]
[Result "1-0"]
[WhiteElo "1495"]
[BlackElo "1342"]
[PlyCount "81"]
[EventDate "2022.??.??"]

1. e4 e6 2. d4 d5 3. Nd2 c5 4. Ngf3 Nc6 5. exd5 exd5 6. Bb5 Nf6 7. O-O Be7 8.
dxc5 Bxc5 9. Re1+ Be6 10. Nb3 Qd6 11. Nfd4 Bxd4 12. Nxd4 O-O 13. h3 Nxd4 14.
Qxd4 a6 15. Bf4 Qd8 16. Bd3 Nh5 17. Be5 f6 18. Bh2 Bf7 19. g4 Qd7 20. Bf5 Qc6
21. gxh5 Bxh5 22. c3 Rfe8 23. Bg4 Bg6 24. Rad1 Kh8 25. Bf4 Qb5 26. Rxe8+ Rxe8
27. Qxd5 Re1+ 28. Kh2 Qxb2 29. Qd2 Qxd2 30. Rxd2 h6 31. Bf3 Ra1 32. Bxb7 a5 33.
c4 Bf7 34. c5 Be6 35. c6 Rc1 36. Rd8+ Kh7 37. Bxc1 Bxa2 38. c7 Be6 39. Bd5 Bf5
40. Be4 Bxe4 41. c8=Q 1-0

[Event "EUYCC 2022 - U14"]
[Site "?"]
[Date "2022.08.26"]
[Round "5.14"]
[White "Mikulinaite, Meta"]
[Black "Haapsal, Maria Ioanna"]
[Result "0-1"]
[WhiteElo "1138"]
[BlackElo "1334"]
[PlyCount "48"]
[EventDate "2022.??.??"]

1. e4 c5 2. c3 d5 3. exd5 Qxd5 4. Nf3 Nc6 5. Na3 e6 6. Nb5 Qd8 7. d4 a6 8. Na3
cxd4 9. cxd4 Bxa3 10. bxa3 Nf6 11. Bc4 O-O 12. O-O Nd5 13. Qd3 Nce7 14. Bb2 b5
15. Bb3 Bb7 16. Bc2 Ng6 17. Bc1 Rc8 18. Bd2 Nf6 19. Ng5 Qd7 20. Be3 h6 21. Nxf7
Be4 22. Nxh6+ gxh6 23. Qb3 Bxc2 24. Qb2 Ng4 0-1

[Event "EUYCC 2022 - U14"]
[Site "?"]
[Date "2022.08.26"]
[Round "5.17"]
[White "Hetfleischova, Elen"]
[Black "Kuzmina, Oleksandra"]
[Result "1-0"]
[WhiteElo "1352"]
[BlackElo "1144"]
[PlyCount "41"]
[EventDate "2022.??.??"]

1. e4 e5 2. f4 exf4 3. Nf3 Ne7 4. d4 Ng6 5. Bc4 c6 6. Nc3 Bb4 7. O-O Bxc3 8.
bxc3 O-O 9. Ne5 Nxe5 10. dxe5 Qb6+ 11. Kh1 Qc5 12. Qd3 Qxe5 13. Bxf4 Qa5 14.
Bd6 Rd8 15. Rxf7 Kh8 16. Qd4 Rg8 17. Be5 h6 18. Bxg7+ Kh7 19. Qf6 Qg5 20. Bxh6+
Rg7 21. Rxg7+ 1-0

[Event "EUYCC 2022 - U8"]
[Site "?"]
[Date "2022.08.27"]
[Round "6.1"]
[White "Doan, Hoang Minh"]
[Black "Cazacu, Iustin-Nicolas"]
[Result "0-1"]
[WhiteElo "1115"]
[BlackElo "1456"]
[PlyCount "70"]
[EventDate "2022.??.??"]

1. e4 c5 2. Nc3 Nc6 3. Bb5 d6 4. Bxc6+ bxc6 5. d3 Nf6 6. f4 g6 7. Nf3 Bg7 8.
O-O O-O 9. Qe1 Ba6 10. Qh4 e6 11. Ng5 h6 12. Nf3 Nh5 13. Qf2 Bc8 14. e5 f5 15.
Be3 dxe5 16. Nxe5 Bxe5 17. fxe5 f4 18. Bxc5 Rf5 19. Bd6 Bb7 20. Ne4 Rc8 21.
Qxa7 Ba8 22. Nc5 Qe8 23. Qa4 g5 24. Qc4 Ng7 25. Ne4 c5 26. Nf6+ Rxf6 27. exf6
Nf5 28. Be5 Ne3 29. Qb3 Nxf1 30. Rxf1 Qc6 31. Rf2 h5 32. a4 h4 33. Qb5 Qd5 34.
Qa6 Rd8 35. c4 Qxe5 0-1

[Event "EUYCC 2022 - U8"]
[Site "?"]
[Date "2022.08.27"]
[Round "6.2"]
[White "Koev, Georgi"]
[Black "Prokhorov, Makar"]
[Result "0-1"]
[WhiteElo "1119"]
[BlackElo "1289"]
[PlyCount "108"]
[EventDate "2022.??.??"]

1. e4 c6 2. d4 d5 3. exd5 cxd5 4. c4 Nf6 5. Nc3 e6 6. Nf3 Be7 7. Be2 dxc4 8.
Bxc4 O-O 9. O-O Nbd7 10. Re1 Nb6 11. Bb3 Bd7 12. d5 exd5 13. Bxd5 Nbxd5 14.
Nxd5 Nxd5 15. Qxd5 Bf6 16. Qxb7 Qc8 17. Qxc8 Rfxc8 18. Bg5 Bxb2 19. Rab1 Rc2
20. Re7 h6 21. Bxh6 Be6 22. Be3 Bxa2 23. Rf1 a5 24. Nd4 Rc4 25. Ne2 a4 26. Nc1
Bb1 27. Ra7 Rxa7 28. Bxa7 Rxc1 29. Rxc1 Bxc1 30. Bc5 a3 31. Bxa3 Bxa3 32. Kf1
f5 33. Ke2 Kf7 34. Kf3 Be4+ 35. Kg3 Bd6+ 36. Kh3 Bc5 37. f3 Bd3 38. Kg3 g5 39.
h4 gxh4+ 40. Kxh4 Bf2+ 41. Kh3 f4 42. Kg4 Bg3 43. Kg5 Bf1 44. Kf5 Bxg2 45. Ke4
Kf6 46. Kd3 Bxf3 47. Kd2 Bg2 48. Kd3 f3 49. Kd4 f2 50. Kc5 f1=Q 51. Kd4 Qc1 52.
Kd3 Ke5 53. Ke2 Qc2+ 54. Ke3 Bf2# 0-1

[Event "EUYCC 2022 - U8"]
[Site "?"]
[Date "2022.08.27"]
[Round "6.3"]
[White "Li, Yunqi"]
[Black "Malcheva, Niya"]
[Result "1-0"]
[WhiteElo "1282"]
[BlackElo "1116"]
[PlyCount "73"]
[EventDate "2022.??.??"]

1. e4 c6 2. d4 d5 3. exd5 cxd5 4. c4 Nf6 5. Nc3 Bf5 6. Qb3 Nc6 7. cxd5 Nxd4 8.
Qa4+ Qd7 9. Qxd4 e6 10. Bb5 Qxb5 11. Nxb5 Nxd5 12. Ne2 a6 13. Nbc3 Bc2 14. Nxd5
exd5 15. Qe5+ Be7 16. Qc7 Bf5 17. Be3 Rc8 18. Qxb7 Bc5 19. Bxc5 Rxc5 20. Qb8+
Rc8 21. Qe5+ Be6 22. Nd4 O-O 23. Nxe6 fxe6 24. Qxe6+ Kh8 25. O-O Rcd8 26. Rad1
d4 27. Qe5 d3 28. Qe4 d2 29. Qe3 Rfe8 30. Rxd2 h6 31. Rxd8 Rxd8 32. Qe7 Rd2 33.
Re1 Rd4 34. Qf8+ Kh7 35. Qf5+ g6 36. Qf7+ Kh8 37. Re8# 1-0

[Event "EUYCC 2022 - U8"]
[Site "?"]
[Date "2022.08.27"]
[Round "6.6"]
[White "Malchev, Nikola"]
[Black "Zahariev, Velislav"]
[Result "0-1"]
[WhiteElo "1117"]
[BlackElo "1263"]
[PlyCount "82"]
[EventDate "2022.??.??"]

1. e4 c6 2. d4 d5 3. exd5 cxd5 4. c4 Nf6 5. Nc3 g6 6. h3 Nbd7 7. Nf3 Bg7 8. Bf4
dxc4 9. Bxc4 Nb6 10. Bb3 Bd7 11. O-O Bc6 12. Ne5 Bd5 13. Ne2 O-O 14. Rc1 Rc8
15. Qd3 Bxb3 16. Qxb3 Qd5 17. Qxd5 Nbxd5 18. Bh2 Rfd8 19. Rfd1 Bh6 20. f4 g5
21. fxg5 Bxg5 22. Rxc8 Rxc8 23. Kf2 Ne3 24. Rd3 Nfd5 25. g3 Rc2 26. Rb3 b6 27.
Kf3 Rd2 28. g4 Rd1 29. Bg1 Rf1+ 30. Bf2 Nd1 31. Nd3 Be3 32. Ng3 Rxf2+ 33. Nxf2
Bxf2 34. Ke2 Bxg3 35. Kxd1 Bh4 36. Kd2 Bf6 37. Ra3 Bxd4 38. Rxa7 Bxb2 39. a4
Kg7 40. a5 bxa5 41. Rxa5 Bc3+ 0-1

[Event "EUYCC 2022 - U10"]
[Site "?"]
[Date "2022.08.27"]
[Round "6.1"]
[White "Zhang, Yibo"]
[Black "Peglau, Paul David"]
[Result "1-0"]
[WhiteElo "1469"]
[BlackElo "1635"]
[PlyCount "61"]
[EventDate "2022.??.??"]

1. e4 c5 2. Nf3 e6 3. d4 cxd4 4. Nxd4 a6 5. c4 Nf6 6. Nc3 Bb4 7. Bd3 Nc6 8. Be3
O-O 9. Nxc6 dxc6 10. e5 Nd7 11. f4 Nc5 12. Bxc5 Bxc5 13. Qf3 f5 14. exf6 Rxf6
15. O-O-O Qb6 16. g3 h6 17. Qh5 Bd7 18. Bg6 Be8 19. Bxe8 Rf5 20. Qg6 Rf6 21.
Bf7+ Rxf7 22. Qxe6 Bd4 23. Na4 Qb4 24. Rxd4 Qxa4 25. Rd7 Raf8 26. Rxf7 Rxf7 27.
Rd1 Qxa2 28. Rd8+ Kh7 29. Qxf7 Qa1+ 30. Kc2 Qa4+ 31. Kb1 1-0

[Event "EUYCC 2022 - U10"]
[Site "?"]
[Date "2022.08.27"]
[Round "6.2"]
[White "Matejka, Simon"]
[Black "Kusova, Nikola"]
[Result "1-0"]
[WhiteElo "1285"]
[BlackElo "1224"]
[PlyCount "113"]
[EventDate "2022.??.??"]

1. e4 e5 2. Nf3 Nf6 3. Nc3 Bb4 4. Nxe5 O-O 5. Be2 d6 6. Nf3 Bxc3 7. dxc3 Nxe4
8. O-O d5 9. Bf4 Bg4 10. Re1 c6 11. h3 Bh5 12. Nd4 Bg6 13. Bg4 Nd7 14. f3 Nef6
15. Bg5 Nc5 16. Bf5 Na4 17. Bxg6 hxg6 18. Rb1 Qd6 19. Qd2 Rfe8 20. Bf4 Qd7 21.
Re5 Rad8 22. b3 Nc5 23. Rbe1 Ne6 24. Bh2 Nc7 25. Ne2 Re7 26. Rxe7 Qxe7 27. Nc1
Qd7 28. Nd3 Ne6 29. Ne5 Qe7 30. Qe2 Qa3 31. Nxf7 Re8 32. Ne5 Nc5 33. Qf2 Ne6
34. Nxg6 Qxa2 35. Be5 Kf7 36. Nh4 g5 37. Nf5 Kg6 38. g4 Nd7 39. Bh2 Nf6 40. h4
Nf4 41. Bxf4 Rxe1+ 42. Qxe1 gxf4 43. Qd2 Nh5 44. Ne7+ Kf7 45. Nxd5 Qb1+ 46. Kg2
cxd5 47. gxh5 Kg7 48. Qd4+ Kh7 49. Qxf4 Qxc2+ 50. Kh3 Qb1 51. Qf7+ Kh6 52. Qf6+
Kh7 53. Kg4 Qg1+ 54. Kf5 Qb1+ 55. Ke6 Qe1+ 56. Kf7 Qg3 57. Qg6+ 1-0

[Event "EUYCC 2022 - U10"]
[Site "?"]
[Date "2022.08.27"]
[Round "6.3"]
[White "Beniosev, Daniel"]
[Black "Janouskova, Eliska"]
[Result "1-0"]
[WhiteElo "1403"]
[BlackElo "1330"]
[PlyCount "63"]
[EventDate "2022.??.??"]

1. e4 c5 2. c3 Nf6 3. e5 Nd5 4. d4 cxd4 5. cxd4 e6 6. Nf3 Nc6 7. a3 d6 8. Bd3
Be7 9. O-O h6 10. Qe2 O-O 11. Qe4 f5 12. exf6 Nxf6 13. Qe2 b6 14. Nc3 Qd7 15.
Re1 Re8 16. Bg6 Rf8 17. b4 a6 18. Bb2 Nd5 19. Qe4 Nxc3 20. Bxc3 Bf6 21. Rac1 d5
22. Qg4 Ne7 23. Bd3 Nf5 24. Ne5 Bxe5 25. Rxe5 Qf7 26. f3 Bb7 27. Bd2 Qf6 28.
Rc7 Rab8 29. Bxf5 h5 30. Bxe6+ Kh8 31. Rxh5+ Qh6 32. Qxg7# 1-0